UM Logo

Shakespeare studies / (Record no. 13438)

MARC details
000 -LEADER
fixed length control field 00722nam a22001937a 4500
008 - FIXED-LENGTH DATA ELEMENTS--GENERAL INFORMATION
fixed length control field 190315b ||||| |||| 00| 0 eng d
020 ## - INTERNATIONAL STANDARD BOOK NUMBER
International Standard Book Number 9780838644713
082 ## - DEWEY DECIMAL CLASSIFICATION NUMBER
Edition number 2013
Classification number AV-Eb 822.33
Item number Z76
100 ## - MAIN ENTRY--PERSONAL NAME
Personal name Zimmerman, Susan.
9 (RLIN) 37608
245 ## - TITLE STATEMENT
Title Shakespeare studies /
Statement of responsibility, etc. edited by Susan Zimmerman and James R. Siemon.
260 ## - PUBLICATION, DISTRIBUTION, ETC. (IMPRINT)
Name of publisher, distributor, etc. Fairleigh Dickinson University Press,
Date of publication, distribution, etc. ©2013.
300 ## - PHYSICAL DESCRIPTION
Extent 306 pages;
500 ## - GENERAL NOTE
General note Includes index.
650 ## - SUBJECT ADDED ENTRY--TOPICAL TERM
Topical term or geographic name as entry element English literature -- History and criticism.
9 (RLIN) 37609
650 ## - SUBJECT ADDED ENTRY--TOPICAL TERM
Topical term or geographic name as entry element Shakespeare, William, -- 1564-1616.
9 (RLIN) 1384
700 ## - ADDED ENTRY--PERSONAL NAME
Personal name Siemon, James R.
9 (RLIN) 37610
856 ## - ELECTRONIC LOCATION AND ACCESS
Link text https://ebookcentral.proquest.com/lib/uniofmindanao-ebooks/detail.action?docID=3116444
942 ## - ADDED ENTRY ELEMENTS (KOHA)
Source of classification or shelving scheme Dewey Decimal Classification
Koha item type Ebooks
Holdings
Withdrawn status Lost status Source of classification or shelving scheme Damaged status Not for loan Home library Current library Shelving location Date acquired Source of acquisition Total Checkouts Full call number Barcode Date last seen Copy number Price effective from Koha item type
    Dewey Decimal Classification     UM Digos College - LIC UM Digos College - LIC Processing Center 03/15/2019 Downloaded   AV-Eb 822.33 Z76 Eb083 03/15/2019 1 03/15/2019 Ebooks